| 000 | 00333nam a2200145Ia 4500 | ||
|---|---|---|---|
| 008 | 230917s9999||||xx |||||||||||||| ||und|| | ||
| 040 |
_e148246 _aMAIN |
||
| 041 | _aEnglish | ||
| 082 | _a829.443 T129G | ||
| 100 | _aTagore, Rabindranath | ||
| 245 | 0 | _aGora | |
| 260 |
_aLondon _bMacmillan _c1963 |
||
| 300 | _a408 p. | ||
| 942 | _cBK | ||
| 999 |
_c186268 _d186268 |
||